000 01651nam0a22003731 4500
001 rc\337579
005 20030307123014.7
010 _a5-511-00222-4
_950000
035 _a(NLR Aleph) 005579970
090 _a6101737
_c6101736
100 _a20030307d1989 u |0rusy50 ca
101 0 _arus
102 _aRU
105 _ay |||||||||
200 1 _aРассказы
_fКонстантин Паустовский
210 _aТбилиси
_cИзд-во Тбил. ун-та
_d1989
215 _a129, [2] с.
_d20
327 0 _aСодерж.: Желтый свет; Михайловские рощи; Акварельные краски; Заячьи лапы; Потерянный день; Ручьи, где плещется форель; Старый повар; Жильцы старого дома; Молитва мадам Бовэ; Белая радуга, и др. рассказы
464 0 _12001#$aЖелтый свет
464 0 _12001#$aМихайловские рощи
464 0 _12001#$aАкварельные краски
464 0 _12001#$aЗаячьи лапы
464 0 _12001#$aПотерянный день
464 0 _12001#$aРучьи, где плещется форель
464 0 _12001#$aСтарый повар
464 0 _12001#$aЖильцы старого дома
464 0 _12001#$aМолитва мадам Бовэ
464 0 _12001#$aБелая радуга
700 1 _aПаустовский
_bК. Г.
_f1892-1968
_gКонстантин Георгиевич
801 0 _aRU
_bNLR
_gpsbo
801 1 _aRU
_bELAR
_2rusmarc
852 _aNLR
_j89-3/9549
942 _cBOOK
980 _aNB